Caste and reservation in India / (Record no. 169563)

MARC details
000 -LEADER
fixed length control field 00622nam a22001937a 4500
005 - DATE AND TIME OF LATEST TRANSACTION
control field 20191122171939.0
010 ## - LCCN (DPL NO)
LC control number ENG-127001
020 ## - INTERNATIONAL STANDARD BOOK NUMBER
International Standard Book Number 9788184202366
Terms of availability 1100.00
035 ## - SYSTEM CONTROL NUMBER
System control number EN-110533
037 ## - SOURCE OF ACQUISITION
Source of stock number/acquisition DBAD/PUB
082 ## - DEWEY DECIMAL CLASSIFICATION NUMBER
Classification number 305.560
100 ## - MAIN ENTRY--PERSONAL NAME
Personal name Mukesh Kumar Singh
245 ## - TITLE STATEMENT
Title Caste and reservation in India /
Statement of responsibility, etc by Mukesh Kumar Singh
260 ## - PUBLICATION, DISTRIBUTION, ETC. (IMPRINT)
Place of publication, distribution, etc New Delhi
Date of publication, distribution, etc 2010
Name of publisher, distributor, etc Sumit Enterprises
270 ## - ADDRESS
Address 4649B/21, Ansari Road, Darya Ganj
City New Delhi
Postal code 110002
Telephone number 011-23279353
300 ## - PHYSICAL DESCRIPTION
Extent 293p.
Dimensions 21cm(Hb)
500 ## - GENERAL NOTE
General note Includes bibliographical references and index
942 ## - ADDED ENTRY ELEMENTS (KOHA)
Source of classification or shelving scheme Dewey Decimal Classification
Item type English Books
Classification part 305.560
Call number suffix MUK
Holdings
Withdrawn status Lost status Not for loan Collection code Home library Current library Date acquired Source of acquisition Cost, normal purchase price Full call number Barcode Copy number Cost, replacement price Koha item type
    Not For Loan Non-fiction D.B.Act.Division Central Library 22/11/2019 DBAD/PUB 1100.00 305.560 MUK EN-110533 1 1100.00 English Books

© Delhi Public Library
Hit Counter
free hit counter